| 000 | 00509nam a2200193Ia 4500 | ||
|---|---|---|---|
| 003 | OSt | ||
| 005 | 20250816101535.0 | ||
| 008 | 250729s1996 xx 000 0 und d | ||
| 040 | _cAL | ||
| 041 | _aeng | ||
| 082 | _a377.1 TUMP | ||
| 100 |
_aGupta S P _9221318 |
||
| 245 | _aDevelopment patterns and institutional Structure : china and india | ||
| 260 |
_aNew Delhi _bAllied Publication _c1996 |
||
| 300 | _a359p | ||
| 650 |
_aEducation _9221319 |
||
| 700 |
_aStern Nicholas _9221320 |
||
| 942 |
_2ddc _cBED |
||
| 999 |
_c234954 _d234954 |
||